000 00814nam a2200217 a 4500
001 1521
003 BR-CuiBMT
005 20231220011851.0
008 231213s2014 mgba 000 0 por d
040 _aBR-CuiBMT
_cBR-CuiBMT
080 _a334.012.65
_x(094.5)
_22007
090 _a334.012.65(094.5)
_bS232n
100 1 _aSantana, Jair
245 1 0 _aNovo estatuto da ME e EPP : Lei Complementar nº 147 de 7 de agosto de 2014 :
_bessencialidade e orientações /
_cJair Santana.
246 3 4 _aNovo estatuto da ME e EPP : Lei Complementar nº 147 de 7 de agosto de 2014 :
_bcompras públicas e pequenos negócios
260 _aBelo Horizonte :
_bFórum,
_c2014.
300 _a53 p. :
_bil. color. ;
_c22 cm
650 _aLei de licitação e contratos
_zBrasil
650 _aMicroempresa
_zBrasil
942 _2udc
_cLV
999 _c1521
_d1521